LEADER 01302nam a2200301 a 4500 001 000000154296 003 CaOOAMICUS 005 20160927100230.0 008 160927s1998 it u000 u ita r 020 $a88-8114-561-8* 032 $aLibriCat 040 $aPUL$bita 100 1 $aDonati, Alberto.$0(OLS)http://pul/name/66837 245 13$aLa concezione della giustizia nella vigente costituzione :$bdiritto soggettivo e solidarietą /$cAlberto Donati. 260 $aNapoli :$bEdizioni scientifiche italiane,$c©1998. 300 $a661 p. ;$c24 cm. 490 1 $aESI-uni ;$v93 504 $aBibliografia in nota. 650 4$aDiritto soggettivo.$0(OLS)http://pul/subject/20523 830 0$aESI-uni ;$v93.$0(OLS)http://pul/title/193896 850 $aPUL 852 $aPUL$W1$xDP1 Fondo G. Barberini$y122$m4 G 41$j177352$qFondi$B180324$CPULBib$Z2$F180324 $HBar538 $81 941 1 $a1 961 $aDedica autografa dell?autore. 996 $6020$a88-8114-561-8*$9(OLS)http://pul/number/161149 996 $6245$aLa concezione della giustizia nella vigente costituzione :$bdiritto soggettivo e solidarietą$9(OLS)http://pul/title/193895 996 $6260$aNapoli :$bEdizioni scientifiche italiane$9(OLS)http://pul/publisher/48388 LEADER 01154nam a2200289 u 4500 001 000000069574 003 CaOOAMICUS 005 20070226121927.0 008 020416s1958 it o u000 u ita u 035 $a10926784 040 $aPUL(R)$bita 100 1 $aGabrieli, Francesco,$d1904-1996.$0(OLS)http://pul/name/9600 245 14$aGli Arabi /$cFrancesco Gabrieli. 260 $aFirenze :$bSansoni,$c1958. 300 $a235 p., 16 p. di tav. :$bill. ;$c16 cm 490 1 $aCiviltą orientali 490 1 $aLe piccole storie illustrate ;$v1 500 $aContiene indici. 504 $aBibliografia in appendice. 650 4$aIslam$xCritica e interpretazione.$0(OLS)http://pul/subject/17046 830 3$aLe piccole storie illustrate ;$v1.$0(OLS)http://pul/title/7025 830 0$aCiviltą orientali.$0(OLS)http://pul/title/91865 850 $aPUL 852 $aPUL$W1$xDP1 Cons. Gen., Altre Classi 1$y22$m780 I 6$j90042$nBK-PRI$b $qStampati$B90042$CPULBib$Z2$F90042 $H48215 $81 941 1 $a8 996 $6245$aGli Arabi$9(OLS)http://pul/title/44357 996 $6260$aFirenze :$bSansoni$9(OLS)http://pul/publisher/47896